| 000 | 00635nam a2200205 i 4500 | ||
|---|---|---|---|
| 001 | 87181 | ||
| 003 | ES-MaACL | ||
| 005 | 20230906175619.0 | ||
| 007 | t| | ||
| 008 | 041220s1961 sp ||||1| spa d | ||
| 080 | _a613.884 | ||
| 100 | 1 |
_aKnaus, Hermann. _968324 |
|
| 245 | 1 | 4 |
_aLos días fértiles e infértiles de la mujer / _cpor Hermann Knaus ; traducción del alemán por J.M. Dexeus Trías de Bes. |
| 250 | _a3ª ed. | ||
| 260 |
_aBarcelona : _bJuventud, _c1961. |
||
| 300 |
_a80 p. : _bil. ; _c21 cm. |
||
| 650 | 4 |
_aMétodo Ogino. _9170794 |
|
| 700 | 1 |
_aDexeus, José María ( _d1924-) _944050 |
|
| 852 | 4 |
_aES-MaACL _jC-21002 |
|
| 999 |
_c87181 _d87181 |
||